Monitoring tvorby koksu v zariadeniach katalytického krakovania uhľovodíkov

Enregistré dans:
Détails bibliographiques
Auteur principal: Chovancová, Helena
Format: Livre
Langue:slovaque
Publié: Bratislava STU FCHPT 2012
Accès en ligne:Voir à l'OPAC
Tags: Ajouter un tag
Pas de tags, Soyez le premier à ajouter un tag!

MARC

LEADER 00000nam a2200000 a 4500
005 20260127134327.0
008 120625 2012 xo 000 0 slo d
035 |a vtls010432024 
039 9 |a 201207111201  |b mschk03  |y 201206250933  |z mschk03 
040 |a STUSCHK1  |b slo  |c STUSCHK1  |e AACR2 
100 1 |a Chovancová, Helena 
245 1 |a Monitoring tvorby koksu v zariadeniach katalytického krakovania uhľovodíkov  |c Helena Chovancová 
260 |a Bratislava  |b STU FCHPT  |c 2012 
300 |a 84 s.  |b il.  |c 30cm 
500 |a Obháj.: 5.6. 2012 
500 |a Študijný program: chemické inžinierstvo 
500 |a Študijný odbor: 5.2.17 chemické inžinierstvo 
500 |a Miesto vypracovania: Oddelenie chemického a biochemického inžinierstva, FCHPT 
500 |a Evidenčné číslo: FCHPT-5433-50030 
500 |a Diplomová práca 
910 |a SCHK95 
999 |c 9915  |d 9915